Teoría de las decisiones

Uloženo v:
Podrobná bibliografie
Hlavní autor: Jiménez Bermejo, Patricio (autor)
Médium: Kniha
Jazyk:španělština
Vydáno: Santiago LexisNexis 2002
Témata:
Tagy: Přidat tag
Žádné tagy, Buďte první, kdo vytvoří štítek k tomuto záznamu!

MARC

LEADER 00000nam a2200000 a 4500
001 UCM5412
003 CL-VaPUC
008 021011e20020700CL |||||||||||||||||spa|d
082 0 4 |a 658.40301  |b JIM  |2 21 
100 |a Jiménez Bermejo, Patricio  |e autor  |9 485010 
245 1 0 |a Teoría de las decisiones 
300 |a 116 p 
942 |c BK 
945 |d 20021011 00:00:00  |a vberengu 
260 |a Santiago  |b LexisNexis  |c 2002 
650 0 |a Toma de decisiones   |9 257530 
650 0 |a Teoría de la decisión  |9 357122 
650 7 |a DECISION  |2 CL-VaPUC  |9 334995 
650 0 |a Planificación estratégica   |9 259735 
583 |a last modification  |c 20021011 00:00:00  |k Rodrigo Vera 
999 |c 301478  |d 301476 
952 |0 0  |1 0  |4 0  |6 658_403010000000000_JIM_2002  |7 0  |8 R  |9 360478  |a BIBGIM  |b BIBGIM  |d 2019-11-21  |i 3844196  |o 658.40301 JIM 2002  |p 3844196  |r 2025-01-15  |w 2019-11-21  |y BK_R  |k COM 
952 |0 0  |1 0  |4 0  |6 658_403010000000000_JIM_2002  |7 0  |8 A  |9 360479  |a BIBDER  |b BIBDER  |d 2019-11-21  |i 3846202  |o 658.40301 JIM 2002  |p 3846202  |r 2023-01-25  |w 2019-11-21  |y BK  |k DER